गुलमोहर/ (Record no. 8977)

MARC details
000 -LEADER
fixed length control field 01025 a2200241 4500
005 - DATE AND TIME OF LATEST TRANSACTION
control field 20080917154951.0
008 - FIXED-LENGTH DATA ELEMENTS--GENERAL INFORMATION
fixed length control field 080917t xxu||||| |||| 00| 0 hin d
010 ## - LCCN (DPL NO)
LC control number HIN-81787
020 ## - INTERNATIONAL STANDARD BOOK NUMBER
Terms of availability 100.00
International Standard Book Number 818943120x
035 ## - SYSTEM CONTROL NUMBER
System control number HN-54133
037 ## - SOURCE OF ACQUISITION
Source of stock number/acquisition पु.प्र.अ.प्र/प्रका
082 ## - DEWEY DECIMAL CLASSIFICATION NUMBER
Classification number 821
100 ## - MAIN ENTRY--PERSONAL NAME
Personal name गोयल ,रामगोपाल
245 ## - TITLE STATEMENT
Title गुलमोहर/
Statement of responsibility, etc रामगोपाल गोयल
246 ## - VARYING FORM OF TITLE
Title proper/short title Gulmohar
Remainder of title by Ramgopal Goyal
260 ## - PUBLICATION, DISTRIBUTION, ETC. (IMPRINT)
Place of publication, distribution, etc अजमेर
Name of publisher, distributor, etc अतिनप्रकाशन
Date of publication, distribution, etc 2008
270 ## - ADDRESS
Address 59,शास्त्री नगर
City अजमेर
Telephone number 0145 2421687
300 ## - PHYSICAL DESCRIPTION
Extent 56पृ
Dimensions 22सेमी (सजिल्द)
650 ## - SUBJECT ADDED ENTRY--TOPICAL TERM
Topical term or geographic name as entry element हिन्दी कविताएँ
650 ## - SUBJECT ADDED ENTRY--TOPICAL TERM
Topical term or geographic name as entry element Hindi Poems
942 ## - ADDED ENTRY ELEMENTS (KOHA)
Institution code [OBSOLETE] dpl
Item type Hindi Books
Call number prefix 821 / गोयल
Source of classification or shelving scheme Dewey Decimal Classification
Classification part 821
Call number suffix गोयल
Holdings
Withdrawn status Lost status Source of classification or shelving scheme Damaged status Not for loan Home library Current library Date acquired Cost, normal purchase price Total Checkouts Full call number Barcode Date last seen Copy number Cost, replacement price Koha item type
    Dewey Decimal Classification     D.B.Act.Division D.B.Act.Division 17/09/2008 100.00   821 गोयल HN-54133 15/09/2008 1 100.00 Hindi Books

© Delhi Public Library
Hit Counter
free hit counter